000 00504nam a2200205Ia 4500
008 230125s9999 xx 000 0 und d
020 _a81-259-0592-8
041 _aeng
082 _a658.4038011
_bKUM
100 _aKumar M
_9108085
245 _aBusiness information systems
260 _c1998
_bVikas Publishing
_aNew Delhi
300 _a384p
500 _aInformation systems,MIS
500 _aMIS
650 _aManagement
700 _aKumar M
_9108085
906 _b68
999 _c84894
_d84894